TOP 100 POLSKI RAP - Statystyki

Ogólne statystyki
  • Ten quiz został rozwiązany 28 471 razy
    18 457 od ostatniego zresetowania
  • Średni wynik to 19 z 100
Statystyki odpowiedzi
Pozycja i liczba wyświetleń Tytuł % Poprawnych
15(94,5 mln) California
66%
1(155 mln) Język ciała
53%
47(60,6 mln) Patointeligencja
49%
36(68,5 mln) Patoreakcja
48%
2(129,5 mln) Na szczycie
46%
33(69 mln) KISS CAM
41%
11(102,3 mln) Tamagotchi
40%
7(108,4 mln) Eldorado
39%
5(110,6 mln) Half dead
39%
43(64,5 mln) Schodki
38%
6(110,6 mln) ANIOŁY I DEMONY
36%
20(91,1 mln) Disney
36%
19(92.3 mln) UA
36%
25(76,8mln) 8 kobiet
33%
22(81,5 mln) Papierosy
33%
9(106,3 mln) Szaman
31%
8(108,1 mln) RAINMAN
30%
30(74,2 mln) Jesteś ładniejsza niż na zdjęciach
27%
13(95,1 mln) Candy
26%
51(59,5 mln) Bossman
25%
3(113,1 mln) Bez strachu
24%
50(59,5 mln) Kryptowaluty
24%
14(95 mln) Poza kontrolą
24%
17(93,4 mln) Impreza
23%
70(50,5 mln) Papuga
23%
46(60,6 mln) BILLY KID
22%
42(64,8 mln) Hinata
22%
66(51,6 mln) Robię YEAH
22%
45(61,6 mln) 05:05
21%
34(69 mln) Bestia
21%
18(92,8 mln) Nie, nie
21%
52(58,8 mln) Nowy kolor
21%
58(56,8 mln) Sorry Dolores
21%
28(75,2 mln) FALA
20%
41(65,9 mln) Płuca zlepione topami
20%
85(44,5 mln) RS 7
20%
32(70,5 mln) Blueberry
19%
68(51,2 mln) Deszcz na betonie
19%
48(60,4 mln) Małpa
19%
82(45,6 mln) Mogę dziś umierać
19%
39(66,7 mln) Mówiłaś
19%
65(51,7 mln) Jagodzianki
18%
79(46,7 mln) Księżniczki
18%
26( 77,6 mln) Wodospady
18%
10(106 mln) 1 moment
17%
31(73,4 mln) Casablanca
17%
76(47,7 mln) Floyd Mayweather
17%
12(100,3 mln) Gdybyś kiedyś
17%
96(42,3 mln) GOMBAO 33
17%
16(93,9 mln) Mademoiselle
16%
80(46,3 mln) A nie pamiętasz jak?
15%
91(43,4 mln) Janosik
15%
23(80,8 mln) Młoda krew
15%
84(44,7 mln) UFO
15%
98(42,1 mln) WIFI
15%
24(80,6 mln) Wiking
15%
4( 112,7 mln) Zbyt wiele
15%
40(66,3 mln) 30 KMH
14%
21(82,4 mln) 4 pory roku
14%
49(60,2 mln) Duże oczy
14%
90(43,5 mln) Napad na bank
14%
29(74,5 mln) Dla prawdziwych dam
13%
100(41,6 mln) Fiji
13%
57(57 mln) Kontrola jakości
13%
27(76,3 mln) Mój Ziomek
13%
78(46,8 mln) Ninja
13%
59(56,5 mln) Oddajemy krew wampirom
13%
63(54,5 mln) Albański raj
12%
81(45,9 mln) Kinol
12%
89(43,6 mln) MEOW
12%
44(64,4 mln) Testarossa
12%
54(57,7 mln) Zygzak
12%
55(57,5 mln) Do końca
11%
72(49,5 mln) Nad ranem
11%
35(68,9 mln) Żyć aż do bólu
11%
71(49,9 mln) Bali
10%
73(48,2 mln) CARDIO
10%
53 (58,7 mln) | 56(57,3 mln) Chcemy być wyżej
10%
92(43,2 mln) Pole Marysi
10%
95(42,3 mln) Zosia
10%
64(54,4 mln) Balans
9%
60(56,4 mln) DYM
9%
77(46,8 mln) Koszmar minionego lata
9%
61(54,7 mln) Uzależniony
9%
83(45,2 mln) Będzie lepiej
8%
93(43,1 mln) OPARY
8%
87(43,7 mln) Wyjebane
8%
94(42,7 mln) BAD BOY
7%
88(43,6 mln) Molly
7%
67(51,4 mln) Taka dama
7%
97(42,2 mln) Braci się nie traci
6%
69(51,1 mln) DIRTY DIANA
6%
37(67,1 mln) Jeszcze będzie hajc
6%
75(47,5 mln) Przepraszam
6%
86( 44,1 mln) W aucie
6%
74(47,9 mln) Obiecuję Ci
5%
99(41,8 mln) Nie lubimy robić
4%
38(67,1 mln) Szpaku #Hot16Challenge2
4%
62(54,6 mln) Gdy ujarzałem drogę
1%
Nie znaleziono quizów pasujących do podanych kryteriów
Rozkład punktacji
Procent ludzi z każdym wynikiem
Percentyl według liczby udzielonych odpowiedzi
Twoja historia wyników
Nie rozwiązałeś tego quizu od ostatniego zresetowania